| 000 | 01450nam a2200325Ia 4500 | ||
|---|---|---|---|
| 005 | 20211105120405.0 | ||
| 008 | 131114s2016 ck frn 000 0 spa d | ||
| 020 |
_z9789587490800 _z9789588381312 _z958819265x |
||
| 020 | _a9789587494310 (6a.Ed.) | ||
| 020 | _a9789587492514 (5a.Ed.) | ||
| 040 |
_aCo-BoUCM _bspa _cSaul Niño (Modificó) _d[Nuevo] |
||
| 041 | 0 | 0 | _aspa |
| 100 | 1 |
_aBotero Zuluaga, Gerardo _950490 |
|
| 245 | 1 | 0 |
_aGuía teórica y práctica de derecho procesal del trabajo y de la seguridad social actualizado con las leyes 712 de 2001 y 1149 de 2007 y 1395 de 2010, que modificaron el código procesal laboral y de la seguridad social, las incidencias de la ley 794/2003, que modificó el código procesal civil y jurisprudencia. _cGerardo Botero Zuluaga |
| 250 | _aSexta edición | ||
| 260 |
_aBogotá (Colombia) _bEdiciones Jurídicas Gustavo Ibáñez _c2016 |
||
| 300 | _a732 páginas | ||
| 504 | _aIncluye referencias bibliográficas | ||
| 630 |
_aLey 1149 de 2007 _96466 |
||
| 630 |
_aLey 1395 de 2010 _96525 |
||
| 630 |
_aLey 712 de 2001 _96879 |
||
| 630 |
_aLey 794 de 2003 _96918 |
||
| 650 | 0 | 4 |
_aConflictos laborales _zColombia _911590 |
| 650 | 0 | 4 |
_aDerecho laboral _912787 |
| 650 | 0 | 4 |
_aDerecho laboral _zColombia _912790 |
| 650 | 0 | 4 |
_aProcedimiento laboral _zColombia _97970 |
| 650 | 0 | 4 |
_aSeguridad social _zColombia _924118 |
| 942 |
_cLIBRO _2DEWEY _a8 _e6 _h344.01 _mB748g |
||
| 999 |
_c39078 _d39078 |
||